Circle of Fifths - Statistics

General Stats
  • This quiz has been taken 704 times
  • The average score is 7 of 24
Answer Stats
Notation Major or Minor? Key % Correct
0♭/0♯ Major C
97%
1♯ Major G
96%
2♯ Major D
94%
3♯ Major A
92%
4♯ Major E
90%
5♯/7♭ Major B
84%
6♯/6♭ Major F sharp / G flat
30%
5♭/7♯ Major C sharp / D flat
24%
1♭ Major F
20%
2♭ Major A sharp / B flat
16%
4♭ Major G sharp / A flat
16%
3♭ Major D sharp / E flat
15%
0♭/0♯ Minor A
14%
1♯ Minor E
10%
2♯ Minor B
9%
4♯ Minor C sharp / D flat
6%
3♯ Minor F sharp / G flat
6%
6♯/6♭ Minor D sharp / E flat
4%
5♯/7♭ Minor G sharp / A flat
4%
3♭ Minor C
3%
5♯/7♭ Minor A sharp/ B flat
2%
4♭ Minor F
2%
2♭ Minor G
2%
1♭ Minor D
1%
No matching quizzes found
Score Distribution
Percent of People with Each Score
Percentile by Number Answered
Your Score History
You have not taken this quiz